Zkoumání marketingové symboliky

Výber z výsledkov výskumu rozvíjaného v rámci grantu na VŠE Praha "Symbolika spotrebného správania v marketingu". Sémiotická analýza inzercie. Typy symbolov. Väzba medzi typom symbolov a mierou deklarovanosti prisudzovaného významu. Výklad symbolov v dekódovacích procesoch. Význam smybolov v spojení...

Full description

Saved in:
Bibliographic Details
Main Author: Koudelka, Jan
Format: Book Chapter
Language:Czech
Subjects:
Tags: Add Tag
No Tags, Be the first to tag this record!

MARC

LEADER 00000naa a2200000 4500
001 r041189
005 20230921120517.4
041 0 |a cze 
044 |a CZ 
245 1 0 |a Zkoumání marketingové symboliky  |c Jan Koudelka 
520 |a Výber z výsledkov výskumu rozvíjaného v rámci grantu na VŠE Praha "Symbolika spotrebného správania v marketingu". Sémiotická analýza inzercie. Typy symbolov. Väzba medzi typom symbolov a mierou deklarovanosti prisudzovaného významu. Výklad symbolov v dekódovacích procesoch. Význam smybolov v spojení s produktom. 
610 2 0 |a marketing 
610 2 0 |a symboly 
610 2 0 |a výskum 
610 2 0 |a inzercia 
610 2 0 |a analýza obsahová 
100 1 |a Koudelka, Jan